| Tag |
First Indicator |
Second Indicator |
Subfields |
| LEADER |
00000cam a2200000Mi 4500 |
| 001 |
in00003712321 |
| 006 |
m o d |
| 007 |
cr cnu---unuuu |
| 008 |
160625s2016 si ob 000 0 eng d |
| 005 |
20250816204228.9 |
| 020 |
|
|
|a 9789811015724
|q electronic book
|
| 020 |
|
|
|a 9811015724
|q electronic book
|
| 020 |
|
|
|z 9789811015717
|q print
|
| 024 |
8 |
|
|a 99970712275
|
| 035 |
|
|
|a (NhCcYBP)ebr11225707
|
| 040 |
|
|
|a NhCcYBP
|c NhCcYBP
|d UtOrBLW
|
| 050 |
|
4 |
|a TK3226
|b .M35 2016
|
| 072 |
|
7 |
|a TEC
|x 009070
|2 bisacsh
|
| 082 |
0 |
4 |
|a 621.319/2
|2 23
|
| 100 |
1 |
|
|a Makwana, Vijay H.,
|e author.
|
| 245 |
1 |
0 |
|a Transmission line protection using digital technology /
|c Vijay H. Makwana, Bhavesh R. Bhalja.
|
| 264 |
|
1 |
|a Singapore :
|b Springer,
|c [2016]
|
| 300 |
|
|
|a 1 online resource.
|
| 336 |
|
|
|a text
|b txt
|2 rdacontent
|
| 337 |
|
|
|a computer
|b c
|2 rdamedia
|
| 338 |
|
|
|a online resource
|b cr
|2 rdacarrier
|
| 490 |
0 |
|
|a Energy Systems in Electrical Engineering
|
| 505 |
0 |
|
|a Chapter 1: Introduction -- Chapter 2: Distance Relaying Algorithm for a Single Line-to-Ground Fault on Single Infeed Transmission Lines -- Chapter 3: Digital Distance Relaying Scheme for Compensation of High Resistance Faults on Double Infeed Transmission Lines -- Chapter 4: Digital Distance Relaying Scheme for Parallel Transmission Lines During Inter-Circuit Faults -- Chapter 5: Digital Distance Relaying Scheme for Series Compensated Parallel Lines During Simultaneous Open Conductor & Ground Fault -- Chapter 6: Digital Distance Relaying Scheme for Series Compensated Parallel Transmission Lines During Inter-Circuit Faults -- Chapter 7: Digital Distance Relaying Scheme for Phase Faults on Double Infeed Transmission Lines -- Appendix(A-F).
|
| 504 |
|
|
|a Includes bibliographical references.
|
| 588 |
|
|
|a Description based on online resource; title from digital title page (viewed on July 29, 2016).
|
| 500 |
|
|
|a Electronic resource.
|
| 650 |
|
0 |
|a Electric lines
|x Protection
|x Data processing.
|
| 650 |
|
0 |
|a Protective relays.
|0 http://id.loc.gov/authorities/subjects/sh85107651
|
| 650 |
|
0 |
|a Fault tolerance (Engineering)
|0 http://id.loc.gov/authorities/subjects/sh96008887
|
| 650 |
|
0 |
|a Electric power transmission.
|0 http://id.loc.gov/authorities/subjects/sh85041933
|
| 655 |
|
7 |
|a Electronic books.
|2 local
|
| 700 |
1 |
|
|a Bhalja, Bhavesh,
|e author.
|0 http://id.loc.gov/authorities/names/no2012089015
|
| 710 |
2 |
|
|a ebrary, Inc.
|0 http://id.loc.gov/authorities/names/no2007088509
|
| 776 |
1 |
8 |
|i Print version:
|a Makwana, Vijay H.
|t Transmission Line Protection Using Digital Technology
|d Singapore : Springer Singapore,c2016
|z 9789811015717
|
| 856 |
4 |
1 |
|u https://ebookcentral.proquest.com/lib/tamucs/detail.action?docID=4561898
|y Connect to the full text of this electronic book
|t 0
|
| 955 |
|
|
|a YBP purchased DDA e-records
|
| 980 |
|
|
|b 99.00
|g 1
|
| 987 |
|
|
|a ybp13047371
|
| 999 |
f |
f |
|s fc3144a9-b4e3-3c4f-a91d-c13650e2b089
|i 70121b2b-fd60-399b-a843-73fa2c90eddc
|t 0
|
| 952 |
f |
f |
|a Texas A&M University
|b College Station
|c Electronic Resources
|d Available Online
|t 0
|e TK3226 .M35 2016
|h Library of Congress classification
|
| 998 |
f |
f |
|a TK3226 .M35 2016
|t 0
|l Available Online
|